Física universitaria / Francis W. Sears. et. al. (Registro nro. 18861)
[ vista simple ]
| 000 -LÍDER | |
|---|---|
| fixed length control field | 00545nam a2200169 4500 |
| 008 - ELEMENTOS DE LONGITUD FIJA -- INFORMACIÓN GENERAL | |
| fixed length control field | 0 1999 0a 000 0Mex |
| 020 ## - NÚMERO INTERNACIONAL NORMALIZADO PARA LIBROS | |
| ISBN | 968-44-277-7 |
| 050 ## - SIGNATURA TOPOGRAFICA DE LA BIBLIOTECA DEL CONGRESO (LC) | |
| Número de Clasificación | QC23 S3718 V.1 |
| 082 ## - NUMERO DE CLASIFICACION DECIMAL DEWEY | |
| Número de Clasificación | 530 S439f |
| 100 ## - ASIENTO PRINCIPAL--NOMBRE PERSONAL | |
| Nombre personal | Sears, Francis W. et. al. |
| 245 ## - TÍTULO | |
| Título | Física universitaria / Francis W. Sears. et. al. |
| 250 ## - MENCIÓN DE EDICIÓN | |
| Mención de edición | 9a. ed |
| 260 ## - PUBLICACIÓN, DISTRIBUCIÓN, ETC. (PIE DE IMPRENTA) | |
| Lugar de publicación, distribución, etc. | México : Addison Wesley Longman |
| 300 ## - DESCRIPCIÓN FÍSICA | |
| Extensión | xx,. 696 p. / 25 cm. |
| 650 ## - ASIENTO SECUNDARIO DE MATERIA - TERMINO TEMÁTICO | |
| Término temático o nombre geográfico como elemento de entrada | 1. FISICA |
| 700 ## - ASIENTO SECUNDARIO - NOMBRE PERSONAL | |
| Nombre personal | I. Zemansky, Mark W. coaut. II. Young Hugh D. coaut. lll. Freedman, Roger A. coaut. |
| No. biblioteca | No. biblioteca | Número de clasificación | Código de barras/Número de adquisición | Número de copia | Tipo de material |
|---|---|---|---|---|---|
| LUIS G. INCLAN | LUIS G. INCLAN | 530 S439f | 45728 | 1001 | Libros |
